000 002390000a22000970004500
100 1 _aGresham, Brett
245 1 0 _aEl filtro lento de arena para uso doméstico
300 _aNúm 35 (1998), Páginas 11
773 0 _tPaso a paso
942 _cANA
999 _c52391
_d52391